Česká jména na L - Statistics

General Stats
  • This quiz has been taken 75 times
  • The average score is 11 of 19
Answer Stats
Jména % Correct
Lucie
89%
Lenka
86%
Ladislav
84%
Lukáš
77%
Ludmila
72%
Libor
65%
Luboš
65%
Lubomír
63%
Luděk
56%
Leoš
54%
Libuše
53%
Linda
53%
Leona
44%
Leontýna
42%
Lea
39%
Laura
37%
Liliana
37%
Lara
26%
Lola
11%
No matching quizzes found
Score Distribution
Percent of People with Each Score
Percentile by Number Answered
Your Score History
You have not taken this quiz